El planeta tierra. : Archivo /
Guardado en:
| Autor Corporativo: | |
|---|---|
| Formato: | |
| Series: | Audiovisual Combi
|
| Materias: | |
| Etiquetas: |
Agregar Etiqueta
Sin Etiquetas, Sea el primero en etiquetar este registro!
|
| LEADER | 01133ngm a22003615g 4500 | ||
|---|---|---|---|
| 001 | CEM.cems022006 | ||
| 008 | 130507b1993##################0###0#####d | ||
| 005 | 20240930140924.0 | ||
| 245 | 1 | 0 | |a El planeta tierra. : |b Archivo / |c DIDACO. |
| 300 | |a 16'. | ||
| 490 | 0 | |a Audiovisual Combi | |
| 500 | |a En soporte VHS, consultar en ventanilla. | ||
| 505 | 0 | |a Imágenes de: extracción del carbono. Dunas. Desiertos de roca y arena, helado y tundra. Presa. Energía del planeta. Plegamiento orogénico, aluviones. Geotérmica. Etc. | |
| 538 | |a Soporte: VHS - Norma: Pal N - Color - Grabación DRD 1993 - Hitachi=5362 | ||
| 110 | 2 | |a DIDACO. | |
| 082 | 5 | 5 | |/ NAT |
| 653 | |a GEOLOGIA | ||
| 653 | |a ENERGIA | ||
| 653 | |a CARBONO | ||
| 653 | |a DUNAS | ||
| 653 | |a DESIERTOS | ||
| 653 | |a ROCA | ||
| 653 | |a ARENA | ||
| 653 | |a TUNDRA | ||
| 653 | |a PRESA | ||
| 653 | |a PLEGAMIENTO OROGENICO | ||
| 653 | |a ALUVIONES | ||
| 653 | |a GEOTERMICA | ||
| 653 | |a TIERRA | ||
| 653 | |a PLANETA TIERRA | ||
| 653 | |a NIVEL PRIMARIO | ||
| 653 | |a NIVEL SECUNDARIO | ||
| 859 | |a CEMS |b BIB. CEMS - Depto. Recursos Didacticos |h 550 |i NAT |k DRD |p 649.12 |t Ej.1 | ||
